000 01595nam a2200397 a 4500
001 vtls000969934
003 NLI
005 20210627095156.0
008 120124s2007 miu e m 000 0 eng d
020 _c$100.05
039 9 _y201201241635
_zdipshikhap
040 _aNLI
_beng
041 0 _aeng
044 _amiu
082 0 4 _a362.82920954
_222
100 1 _aChattopadhyay, Sreeparna
_9909731
245 1 0 _aInterrogating violence, uncovering silences :
_binvestigating martial violence in India /
_cby Sreeparna Chattopadhyay
260 _aAnn Arbor, Mich. :
_bUniversity Microfilms International,
_c2007
300 _axv, 290 p.
_c22 cm.
500 _aMimeographed copy of the Thesis by University Microfilms International, Ann Arbor, Mich.
502 _aThesis(Ph.D) -- Brown University, Department of Anthropology, Rhode Island, 2007
504 _aIncludes bibliographical references
650 0 _aFamily violence
_zIndia
_9909732
650 0 _aFamily violence
_xCross-cultural studies
_zIndia
_9909733
650 0 _aMarital violence
_zIndia
_9909734
710 2 _aUniversity Microfilms International
_9699949
710 2 _aBrown University, Department of Anthropology, Rhode Island, 2007
_9909735
887 _adpathak
901 _a565167 ;
_b7.03.2011
902 _aE 362.82920954 C 392
904 _adpathak
949 _AVIRTUAITEM
_D10000
_X100
_6PUR000565167ENG
942 _2ddc
_cBKS
999 _aVIRTUA
_c793290
_d793290
999 _aVTLSSORT0080*0200*0400*0410*0440*0820*1000*2450*2600*3000*5000*5020*5040*6500*6501*6502*7100*7101*8520*9010*9020*9040*9992